| 000 | 00578cam a22002412a 4500 | ||
|---|---|---|---|
| 001 | 014673 | ||
| 003 | AR-FADEU | ||
| 008 | 311216n1972####xxu####################dd | ||
| 020 | _a0-394-71853-0 | ||
| 092 |
_a812.52 _bO58e |
||
| 100 | _aO'Neill, Eugene | ||
| 245 | _aThe emperor Jones | ||
| 245 | _aAnna Christie | ||
| 245 | _aThe hairy ape | ||
| 260 | _aNew York | ||
| 260 | _bVintage Books | ||
| 260 | _c1972 | ||
| 300 | _a232 p | ||
| 440 | _aLiterature | ||
| 650 | _aLITERATURA ESTADOUNIDENSE-SIGLO XX; TEATRO/REVISADO/ | ||
| 546 | _aInglés | ||
| 942 | _cBDGR | ||
| 999 |
_c20433 _d20433 |
||